000 00620nam a2200181 i 4500
001 101983
003 ES-MaACL
005 20230906183026.0
007 t|
008 051028s1916 pn ||||1| spa d
100 1 _aMéndez Pereira, Octavio.
_980168
245 1 0 _aHistoria de la instrucción publica en Panamá /
_cOctavio Méndez Pereira.
260 _aPanamá :
_b[s.n.],
_c1916 (
_fTip. Moderna)
300 _a68 p. ;
_c21 cm.
650 4 _aEnseñanza pública-
_zPanamá.
_9158943
852 _aES-MaACL
_j1560-F-20
_z.- Donat. de la Secretaría de Instrucción Pública de Panamá
852 _aES-MaACL
_j1717-F-7
999 _c101983
_d101983